Top Batsman in Each Cricket World Cup Final - Statistics

General Stats
  • This quiz has been taken 217 times
    212 since last reset
  • The average score is 6 of 10
Answer Stats
Year For Score Player % Correct
1979 WI v Eng 138* Viv Richards
90%
2003 Aus v Ind 140* Ricky Ponting
89%
1999 Aus v Pak 54 Adam Gilchrist
80%
2011 SL v Ind 103* Mahela Jayawardene
71%
1975 WI v Aus 102 Clive Lloyd
67%
1992 Pak v Eng 72 Imran Khan
62%
1996 SL v Aus 107* Aravinda de Silva
54%
1987 Aus v Eng 75 David Boon
39%
1983 Ind v WI 38 Kris Srikkanth
37%
2015 NZ v Aus 83 Grant Elliott
29%
No matching quizzes found
Score Distribution
Percent of People with Each Score
Percentile by Number Answered
Your Score History
You have not taken this quiz since the last reset